| 000 | 02842nam a2200361 i 4500 | ||
|---|---|---|---|
| 001 | 2502 | ||
| 003 | gtuscu | ||
| 005 | 20251106124611.0 | ||
| 008 | 251106e2014 gt|a|||| |||| 00| 0 spa d | ||
| 040 |
_agtuscu _bspa _cgtuscu _dgtuscu _erda |
||
| 082 | 0 | 4 | _aUSAC 711 AY973g |
| 100 | 1 |
_aAyala Rosales, Carlos _ecreador _949 |
|
| 245 | 1 |
_aGuatemala ocho siglos de la red de localidades urbanas : _bensayos sobre la configuración histórica de la red urbana, del siglo XII al XXI / _cCarlos Ayala Rosales; cartógrafo Favio Hernández Soto. |
|
| 260 | 1 | _b | |
| 264 |
_aCiudad de Guatemala : _bUniversidad de San Carlos de Guatemala, Dirección de investigación de la Facultad de Arquitectura, _c2014. |
||
| 300 |
_a102 páginas : _bilustraciones blanco y negro, _c27. 5 cm |
||
| 336 |
_2rdacontenido _atexto _btxt |
||
| 337 |
_2rdamedio _asin mediación _bn |
||
| 338 |
_2rdasoporte _avolumen _bnc |
||
| 500 | _aCon cartografía de Favio Hernández Soto | ||
| 505 | 3 | _gIntroducción | |
| 505 | 3 |
_gCapítulo 1. _tLas condicionantes del medio físico natura -- |
|
| 505 | 3 |
_gCapítulo 2. _tLa configuración histórica de la red urbana -- |
|
| 505 | 3 |
_gCapítulo 3. _tEl contexto regional: el proceso de urbanización en Guatemala y Centroamérica -- |
|
| 505 | 3 |
_gCapítulo 4. _tLas determinantes y económicas del proceso de urbanización -- |
|
| 505 | 3 |
_g Capítulo 5. _tEl proceso de urbanización y la reconfiguración de la Red urbana: las derivaciones de la economía de la subsistencia y la diversificación de la explotación |
|
| 505 | 3 | _gBibliografía consultada. | |
| 520 | 3 | _aTomado de la contracubierta. Esta publicación trata sobre el proceso histórico de configuración de la red de localidades urbanas del país, aunque de forma sintética o condensada dado su carácter de una primera aproximación histórica con una perspectiva de larga duración. Así también a través de sus ensayos de interpretación aborda las distintas etapas o períodos históricos, aunque con mayor énfasis en la etapa contemporánea que corresponde al proceso de urbanización del país con algunas proyecciones a futuro. Posee además una valiosa colección de mapas y de gráficas en su mayor parte nunca antes realizadas y que ilustran el comportamiento territorial de esta red urbana en sus distintas etapas, así también de sus determinantes socio-históricas como los cambios en los modos de transporte o en las especialidades productivas, y de las condicionantes físico-naturales como el relieve natural y algunas zonas de vida en relación con la configuración de la trama de localidades urbanas, entre otros. | |
| 650 | 1 | 4 |
_2LEMB _aUrbanismo _vHistoria _zGuatemala _950 |
| 650 | 1 | 7 |
_aSociología urbana _951 |
| 700 | 1 |
_aHernández Soto, Favio _ecreador _952 |
|
| 942 |
_2ddc _cBK _hUSAC 711 AY973g _n0 |
||
| 999 |
_c2502 _d2502 |
||